000 00830nam a22002297a 4500
999 _c2026
_d2026
003 AR-CdUCM
008 190228b ||||| |||| 00| 0 spa d
040 _aMUNICIPALIDAD PROVINCIAL DEL CUSCO
_cBIBLIOTECA MUNICIPAL DEL CUSCO
082 _a869.56 /
_bJ24
100 _aJara Jiménez, Cronwell
_97360
245 _aPatíbulo para un caballo /
260 _aLima :
_bMosca Azul,
_c1989.
300 _a377 páginas ;
_c21 cm.
505 _aListos los lanzones para el choque contra - Aun con el rocío de la madrugada, la mañana del linchamiento - Lo apedreaban - Esa noche al pi del Guayaquil de la campana de alarma...
650 _aLibros peruanos.
_94203
650 _aNovela.
_95
650 _aLiteratura.
_983
650 _aFantasia.
_92989
650 _aPeru.
_9429
942 _2ddc
_cLIBROS
945 _admma
_d2019-02-28